Statistieken voor Landen het dichtst bij België - een minuut sprint

Klik hier om de quiz te nemen!

Algemene statistieken

  • Deze quiz is 77 keer genomen
  • De gemiddelde score is 14 van 20

Antwoordstatistieken

kmland% Correct
0Frankrijk
100%
0Nederland
100%
0Duitsland
99%
0Luxemburg
96%
254Zwitserland
91%
357Oostenrijk
87%
80Verenigd
Koninkrijk
82%
426Italië
81%
450Denemarken
75%
595Polen
74%
372Liechtenstein
63%
658Zweden
63%
404Tsjechië
60%
622Ierland
59%
657Monaco
57%
734Noorwegen
57%
668Slovenië
46%
785Slowakije
38%
731Kroatië
35%
799San Marino
29%

Scoreverdeling

Percentiel versus Aantal Correcte Antwoorden

Procent van Mensen met Elke Score

Uw Scoregeschiedenis

U heeft deze quiz nog niet genomen